F1 most wins in a season 1990-1999 - Statistics

General Stats
  • This quiz has been taken 31 times
  • The average score is 9 of 10
Answer Stats
Hint # of wins Answer % Correct
1990 6 Senna
100%
1991 7 Senna
96%
1994 6 Schumacher
93%
1995 9 Schumacher
93%
1998 8 Hakkinen
89%
1999 5 Hakkinen
89%
1996 7 Hill
89%
1992 9 Mansell
89%
1993 7 Prost
89%
1997 7 Villeneuve
86%
No matching quizzes found
Score Distribution
Percent of People with Each Score
Percentile by Number Answered
Your Score History
You have not taken this quiz